Pastoral Practice (Record no. 5310)
[ view plain ]
| 000 -LEADER | |
|---|---|
| fixed length control field | 00458nam a22001577a 4500 |
| 005 - DATE AND TIME OF LATEST TRANSACTION | |
| control field | 20250328152548.0 |
| 008 - FIXED-LENGTH DATA ELEMENTS--GENERAL INFORMATION | |
| fixed length control field | 250328b |||||||| |||| 00| 0 eng d |
| 020 ## - INTERNATIONAL STANDARD BOOK NUMBER | |
| International Standard Book Number | 9781563382376 |
| 050 ## - LIBRARY OF CONGRESS CALL NUMBER | |
| Classification number | BR65 |
| Item number | .G53 GRE |
| 245 ## - TITLE STATEMENT | |
| Title | Pastoral Practice |
| Statement of responsibility, etc. | Translated and edited by; John Leinenweber |
| 260 ## - PUBLICATION, DISTRIBUTION, ETC. | |
| Place of publication, distribution, etc. | Harrisburg |
| Name of publisher, distributor, etc. | Trinity Press International |
| Date of publication, distribution, etc. | 1998 |
| 300 ## - PHYSICAL DESCRIPTION | |
| Extent | xiii. 146p. |
| Dimensions | 17 cm |
| 650 ## - SUBJECT ADDED ENTRY--TOPICAL TERM | |
| Source of heading or term | Theology |
| 700 ## - ADDED ENTRY--PERSONAL NAME | |
| Personal name | Leinenweber John |
| 942 ## - ADDED ENTRY ELEMENTS (KOHA) | |
| Source of classification or shelving scheme | Library of Congress Classification |
| Koha item type | Books |
| Suppress in OPAC | No |
| 999 ## - | |
| -- | 5310 |
| -- | 5310 |
| Withdrawn status | Lost status | Source of classification or shelving scheme | Damaged status | Not for loan | Collection | Home library | Current library | Shelving location | Date acquired | Total checkouts | Full call number | Barcode | Date last seen | Copy number | Price effective from | Koha item type |
|---|---|---|---|---|---|---|---|---|---|---|---|---|---|---|---|---|
| Library of Congress Classification | Non-fiction | Business Library (Miotso) | Business Library (Miotso) | General stacks | 03/28/2025 | BR65 .G53 GRE | BSSM00001669 | 03/28/2025 | 1 | 03/28/2025 | Books |